Trivia for Tributes Quiz Stats

 Plays Quiz not verified by Sporcle

Challenge
Share
Tweet
Embed
Score 0/68 Timer 10:00
0 Plays Today
Hint Answer % Correct
Who's the oldest: Vick, Posy or Rory?Rory
77.8%
Who sacrificed to save Peeta from the monkeys? Female morphling
66.7%
What's the name of Prim's goat? Lady
61.1%
Write one member of the Star Squad besides Finnick, Katniss, Peeta and GaleBoggs
61.1%
Did Madge make it to 13?No
61.1%
What's Effie's surname?Trinket
61.1%
Who kills Clove?Thresh
61.1%
'Fire is catching and if we ____ you ____ with us'Burn
61.1%
When's Katniss' birthday?May 8
55.6%
What's Madge surname?Undersee
55.6%
Where are Beetee and Wiress from?District 3
55.6%
How's the poor part of District 12 called? The Seam
55.6%
What did Presidont Snow used to kill his opponents?Poison
55.6%
When Annie was back, Finnick never let go of her ___Hand
55.6%
What's the name of the mountain in District 2? The Nut
55.6%
Textiles is the industry of ....District 8
55.6%
The bread tinted with seaweed if from....District 4
50%
What's the first sponsor gift Peeta received?Broth
50%
What's Maysilee' Donner's relationship to Madge?Her aunt
50%
What's Gloss relationship to CashmereSiblings
50%
What are Wiress and Beetee's nicknames?Nuts and Volts
50%
Beetee and Wiress called the weak spot of a force field the chink in the ____Armor
50%
Who died because of the fog?Mags
50%
'You better tuck in that tail ____ _____'Little duck
50%
Who does Katniss shoot instead of SnowPresident Coin
50%
In the end of the first games what does Katniss use as a tourniquet in Peeta's leg?Arrow
44.4%
What's the name of the two girls from district 8 that showed Katniss her Mockingjay in flat bread?Bonnie and Twill
44.4%
What were Bonnie and twill trying to brew into tea?Pine needles
44.4%
What's Johanna Mason dressed up as in the tribute's parade?Tree
44.4%
Before going to the Capitol Katniss made Johanna a ball of _____ to remind her of home.Pine needles
44.4%
What were the mutts whispering when the squad was underground?Katniss
44.4%
What does Peeta plant in from of Katniss's house back in District 12?Primrose
44.4%
Clove and Cato are from...District 2
38.9%
'This is no place for a girl on ____'Fire
38.9%
Hint Answer % Correct
What's Finnick wearing that convinced Katniss to be allies with him?Haymitch's bracelet
38.9%
What's the name of the Commander in District 8?Paylor
38.9%
'But there are much worse _____ to play'Games
38.9%
'You love me real or not real?'Real
38.9%
What's Snow's first name?Coriolanus
33.3%
What's the name of the day when the district recieves food once a month?Parcel Day
33.3%
What were Bonnie and Twill wearing to prevent being caught?Peacekeeper uniforms
33.3%
Who fed Katniss breakfast everyday back in District 12 ?Greasy Sae
33.3%
What's Rue's favorite thing in the world?Music
27.8%
What's the name of the male from District 11 in Catching Fire?Chaff
27.8%
What's the name of the game in which Buttercup tried to trap the light? Crazy Cat
27.8%
What's Delly's surname?Cartwright
27.8%
What's the first threat of the clock that they encountered?Poisonous fog
27.8%
Who trained with Katniss to become a soldier?Johanna
27.8%
What does Gale shout at Katniss when the peacekeepers take him?Shoot me
27.8%
What's District 6 Industry?Transportation
22.2%
What is District 5 industry?Power
22.2%
Who had adjoining cells in the Capitol?Johanna and Peeta
22.2%
Tigris used to be a...Stylist
22.2%
What's the first name of the new head peacekeeper?Romulus
22.2%
When the man in Distrcict 2 shot Katniss, what organ did Katniss lose?Spleen
22.2%
What's the name of the tramps that were activated when someone stepped on them?Pods
22.2%
Deep in the meadow under the_____Willow
22.2%
What did Katniss have to say for her special bow to explode?Nightlock nightlock nightlock
16.7%
What does Panem mean?Bread et circenses
16.7%
When Peeta and Katniss are going to the Quarter Quell, Katniss asks for milk, what does the servant add to the milk?Honey and spice
16.7%
What did the Capitol do to Peeta?Hijacked him
16.7%
What's the name of the woman who trained the soldiers?York
16.7%
What's the name of Katniss' head doctorDr Aurelius
16.7%
What's the name of the main underground in Mockingjay?The Transfer
11.1%
What did Katniss kept inside the parachute in MockingjayThe pearl and the spile
11.1%
What's the name of Greasy Sae's granddaughter?Leevy
11.1%
In the 2nd Quarter Quell, what killed half the tributes?A volcano
11.1%
Who does Katniss join in the station of hammock making in the training center?Cashmere and Gloss
11.1%

You're not logged in!

Compare scores with friends on all Sporcle quizzes.
Join for Free
OR
Log In

You Might Also Like...

Show Comments

Extras

Created Jan 2, 2014ReportNominate
Tags:tribute

Top Quizzes Today


Score Distribution

Your Account Isn't Verified!

In order to create a playlist on Sporcle, you need to verify the email address you used during registration. Go to your Sporcle Settings to finish the process.

Report this User

Report this user for behavior that violates our Community Guidelines.

Details: